<?xml version="1.0" encoding="UTF-8"?>
<collection xmlns="http://www.loc.gov/MARC21/slim">
 <record>
  <leader>02291cam a2200481  a4500</leader>
  <controlfield tag="001">1158421214</controlfield>
  <controlfield tag="003">DE-627</controlfield>
  <controlfield tag="005">20221104110750.0</controlfield>
  <controlfield tag="007">tu</controlfield>
  <controlfield tag="008">001129m20002000xx |||||      00| ||eng c</controlfield>
  <datafield tag="010" ind1=" " ind2=" ">
   <subfield code="a">   00106557 </subfield>
  </datafield>
  <datafield tag="016" ind1="7" ind2=" ">
   <subfield code="a">bA0V7829</subfield>
   <subfield code="2">UK</subfield>
  </datafield>
  <datafield tag="020" ind1=" " ind2=" ">
   <subfield code="a">0300085338</subfield>
   <subfield code="9">0-300-08533-8</subfield>
  </datafield>
  <datafield tag="035" ind1=" " ind2=" ">
   <subfield code="a">(DE-627)1158421214</subfield>
  </datafield>
  <datafield tag="035" ind1=" " ind2=" ">
   <subfield code="a">(DE-576)08842121X</subfield>
  </datafield>
  <datafield tag="035" ind1=" " ind2=" ">
   <subfield code="a">(DE-599)BSZ08842121X</subfield>
  </datafield>
  <datafield tag="040" ind1=" " ind2=" ">
   <subfield code="a">DE-627</subfield>
   <subfield code="b">ger</subfield>
   <subfield code="c">DE-627</subfield>
   <subfield code="e">rakwb</subfield>
  </datafield>
  <datafield tag="041" ind1=" " ind2=" ">
   <subfield code="a">eng</subfield>
  </datafield>
  <datafield tag="082" ind1="0" ind2=" ">
   <subfield code="a">759.2</subfield>
  </datafield>
  <datafield tag="084" ind1=" " ind2=" ">
   <subfield code="a">9,10</subfield>
   <subfield code="2">ssgn</subfield>
  </datafield>
  <datafield tag="084" ind1=" " ind2=" ">
   <subfield code="a">LI 72150</subfield>
   <subfield code="2">rvk</subfield>
   <subfield code="0">(DE-625)rvk/96926:</subfield>
  </datafield>
  <datafield tag="245" ind1="1" ind2="0">
   <subfield code="a">Sir Joshua Reynolds</subfield>
   <subfield code="b">a complete catalogue of his paintings</subfield>
   <subfield code="c">publ. for the Paul Mellon Centre for Studies in British Art. David Mannings. The subject pictures catalogued by Martin Postle</subfield>
  </datafield>
  <datafield tag="263" ind1=" " ind2=" ">
   <subfield code="a">: £150.00 : CIP entry (Oct.)</subfield>
  </datafield>
  <datafield tag="264" ind1=" " ind2="1">
   <subfield code="a">New Haven</subfield>
   <subfield code="a">London</subfield>
   <subfield code="b">Yale University Press</subfield>
   <subfield code="c">2000-2000</subfield>
  </datafield>
  <datafield tag="336" ind1=" " ind2=" ">
   <subfield code="a">Text</subfield>
   <subfield code="b">txt</subfield>
   <subfield code="2">rdacontent</subfield>
  </datafield>
  <datafield tag="337" ind1=" " ind2=" ">
   <subfield code="a">ohne Hilfsmittel zu benutzen</subfield>
   <subfield code="b">n</subfield>
   <subfield code="2">rdamedia</subfield>
  </datafield>
  <datafield tag="338" ind1=" " ind2=" ">
   <subfield code="a">Band</subfield>
   <subfield code="b">nc</subfield>
   <subfield code="2">rdacarrier</subfield>
  </datafield>
  <datafield tag="650" ind1=" " ind2="0">
   <subfield code="a">Reynolds</subfield>
   <subfield code="x">Sir</subfield>
   <subfield code="x">Joshua</subfield>
   <subfield code="x">1723-1792</subfield>
   <subfield code="x">Catalogs</subfield>
  </datafield>
  <datafield tag="655" ind1=" " ind2="7">
   <subfield code="a">Werkverzeichnis</subfield>
   <subfield code="0">(DE-588)4189680-4</subfield>
   <subfield code="0">(DE-627)104464909</subfield>
   <subfield code="0">(DE-576)210061456</subfield>
   <subfield code="2">gnd-content</subfield>
  </datafield>
  <datafield tag="689" ind1="0" ind2="0">
   <subfield code="d">p</subfield>
   <subfield code="0">(DE-588)118744771</subfield>
   <subfield code="0">(DE-627)133769283</subfield>
   <subfield code="0">(DE-576)162711638</subfield>
   <subfield code="a">Reynolds, Joshua</subfield>
   <subfield code="d">1723-1792</subfield>
   <subfield code="2">gnd</subfield>
  </datafield>
  <datafield tag="689" ind1="0" ind2="1">
   <subfield code="d">s</subfield>
   <subfield code="0">(DE-588)4037220-0</subfield>
   <subfield code="0">(DE-627)10623871X</subfield>
   <subfield code="0">(DE-576)209022892</subfield>
   <subfield code="a">Malerei</subfield>
   <subfield code="2">gnd</subfield>
  </datafield>
  <datafield tag="689" ind1="0" ind2=" ">
   <subfield code="5">(DE-627)</subfield>
  </datafield>
  <datafield tag="700" ind1="1" ind2=" ">
   <subfield code="a">Mannings, David</subfield>
   <subfield code="0">(DE-588)188452451</subfield>
   <subfield code="0">(DE-627)699378249</subfield>
   <subfield code="0">(DE-576)135322308</subfield>
   <subfield code="4">oth</subfield>
  </datafield>
  <datafield tag="700" ind1="1" ind2=" ">
   <subfield code="a">Postle, Martin</subfield>
   <subfield code="0">(DE-588)143173073</subfield>
   <subfield code="0">(DE-627)643876227</subfield>
   <subfield code="0">(DE-576)168980150</subfield>
   <subfield code="4">oth</subfield>
  </datafield>
  <datafield tag="700" ind1="1" ind2=" ">
   <subfield code="a">Reynolds, Joshua</subfield>
   <subfield code="d">1723-1792</subfield>
   <subfield code="e">Ill.</subfield>
   <subfield code="0">(DE-588)118744771</subfield>
   <subfield code="0">(DE-627)133769283</subfield>
   <subfield code="0">(DE-576)162711638</subfield>
   <subfield code="4">ill</subfield>
  </datafield>
  <datafield tag="710" ind1="2" ind2=" ">
   <subfield code="a">Paul Mellon Centre for Studies in British Art</subfield>
   <subfield code="0">(DE-588)1045454-8</subfield>
   <subfield code="0">(DE-627)100050743</subfield>
   <subfield code="0">(DE-576)191407828</subfield>
   <subfield code="4">oth</subfield>
  </datafield>
  <datafield tag="787" ind1="0" ind2="8">
   <subfield code="i">Rezension</subfield>
   <subfield code="a">Krieger, Michaela, 1956 - 2007</subfield>
   <subfield code="t">[Rezension von: David Mannings, Sir Joshua Reynolds]</subfield>
   <subfield code="d">2002</subfield>
   <subfield code="w">(DE-627)1547891572</subfield>
   <subfield code="w">(DE-576)477891578</subfield>
  </datafield>
  <datafield tag="936" ind1="r" ind2="v">
   <subfield code="a">LI 72150</subfield>
   <subfield code="b">Reynolds, Joshua</subfield>
   <subfield code="k">Künstler-Monografien</subfield>
   <subfield code="k">Alphabetische Künstlerliste</subfield>
   <subfield code="k">Künstler R</subfield>
   <subfield code="k">Reynolds, Joshua</subfield>
   <subfield code="0">(DE-627)1270703900</subfield>
   <subfield code="0">(DE-625)rvk/96926:</subfield>
   <subfield code="0">(DE-576)200703900</subfield>
  </datafield>
  <datafield tag="951" ind1=" " ind2=" ">
   <subfield code="a">MC</subfield>
  </datafield>
  <datafield tag="990" ind1=" " ind2=" ">
   <subfield code="a">Reynolds, Joshua</subfield>
  </datafield>
  <datafield tag="990" ind1=" " ind2=" ">
   <subfield code="a">Malerei</subfield>
  </datafield>
  <datafield tag="991" ind1=" " ind2=" ">
   <subfield code="a">Rezensiertes Werk</subfield>
  </datafield>
  <datafield tag="999" ind1=" " ind2=" ">
   <subfield code="a">KXP-PPN1158421214</subfield>
   <subfield code="e">4098311739</subfield>
  </datafield>
 </record>
</collection>
